MyGZULibrary

Roitt's essential immunology / (Record no. 11334)

MARC details
000 -LEADER
fixed length control field 02135cam a22004218i 4500
001 - CONTROL NUMBER
control field 19095133
003 - CONTROL NUMBER IDENTIFIER
control field GZU
005 - DATE AND TIME OF LATEST TRANSACTION
control field 20240522123008.0
008 - FIXED-LENGTH DATA ELEMENTS--GENERAL INFORMATION
fixed length control field 160513s2017 enk b 001 0 eng
010 ## - LIBRARY OF CONGRESS CONTROL NUMBER
LC control number 2016022210
020 ## - INTERNATIONAL STANDARD BOOK NUMBER
International Standard Book Number 9781118415771 (pbk.)
022 ## - INTERNATIONAL STANDARD SERIAL NUMBER
International Standard Serial Number .
035 ## - SYSTEM CONTROL NUMBER
System control number (DNLM)101682994
040 ## - CATALOGING SOURCE
Original cataloging agency DNLM/DLC
Language of cataloging eng
Description conventions rda
Transcribing agency DLC
042 ## - AUTHENTICATION CODE
Authentication code pcc
050 00 - LIBRARY OF CONGRESS CALL NUMBER
Classification number QR181
Item number DEL 2017
100 1# - MAIN ENTRY--PERSONAL NAME
Personal name Delves, Peter J.,
Relator term author.
245 10 - TITLE STATEMENT
Title Roitt's essential immunology /
Statement of responsibility, etc. Peter J. Delves, Seamus J. Martin, Dennis R. Burton, Ivan M. Roitt.
246 1# - VARYING FORM OF TITLE
Title proper/short title Essential immunology
250 ## - EDITION STATEMENT
Edition statement Thirteenth edition.
264 #1 - PRODUCTION, PUBLICATION, DISTRIBUTION, MANUFACTURE, AND COPYRIGHT NOTICE
Place of production, publication, distribution, manufacture Chichester, West Sussex ;
-- Hoboken, [NJ] :
Name of producer, publisher, distributor, manufacturer John Wiley & Sons, Inc.,
Date of production, publication, distribution, manufacture, or copyright notice 2017.
300 ## - PHYSICAL DESCRIPTION
Extent xv, 556 pages ;
Dimensions cm.
Other physical details illustrations
336 ## - CONTENT TYPE
Content type term text
Source rdacontent
337 ## - MEDIA TYPE
Media type term unmediated
Source rdamedia
338 ## - CARRIER TYPE
Carrier type term volume
Source rdacarrier
500 ## - GENERAL NOTE
General note Preceded by Roitt's essential immunology / Peter J. Delves ... [et al.]. 12th ed. 2011.
504 ## - BIBLIOGRAPHY, ETC. NOTE
Bibliography, etc. note Includes bibliographical references and index.
505 0# - FORMATTED CONTENTS NOTE
Formatted contents note Innate immunity -- Specific acquired immunity -- Antibodies -- Membrane receptors for antigen -- Antigen-specific recognition -- Immunological methods and applications [JS2] -- The anatomy of the immune response -- Lymphocyte activation -- The production of effectors -- The regulation of the immune response -- Development and evolution of the immune response -- Adversarial strategies during infection -- Vaccines -- Immunodeficiency -- Allergy and other hypersensitivities -- Transplantation -- Tumor immunology -- Autoimmune diseases.
520 ## - SUMMARY, ETC.
Summary, etc. .
650 12 - SUBJECT ADDED ENTRY--TOPICAL TERM
Topical term or geographic name entry element Immune System
650 22 - SUBJECT ADDED ENTRY--TOPICAL TERM
Topical term or geographic name entry element Immunity
700 1# - ADDED ENTRY--PERSONAL NAME
Personal name Martin, Seamus J.,
Dates associated with a name 1966-
Relator term author.
700 1# - ADDED ENTRY--PERSONAL NAME
Personal name Burton, Dennis R.,
Relator term author.
700 1# - ADDED ENTRY--PERSONAL NAME
Personal name Roitt, Ivan M.
Fuller form of name (Ivan Maurice),
Relator term author.
776 08 - ADDITIONAL PHYSICAL FORM ENTRY
Relationship information Online version:
Main entry heading Delves, Peter J., author.
Title Roitt's essential immunology
Edition 13th edition.
Place, publisher, and date of publication Chichester, West Sussex ; Hoboken, [NJ] : John Wiley & Sons, Inc., 2017
International Standard Book Number 9781118416068
Record control number (DLC) 2016022856
906 ## - LOCAL DATA ELEMENT F, LDF (RLIN)
a 7
b cbc
c orignew
d 1
e ecip
f 20
g y-gencatlg
942 ## - ADDED ENTRY ELEMENTS (KOHA)
Source of classification or shelving scheme Library of Congress Classification
Koha item type Books
Edition Thirteenth edition
Classification part 181
Item part DEL
Call number prefix QR
Holdings
Withdrawn status Lost status Source of classification or shelving scheme Damaged status Not for loan Collection code Home library Current library Shelving location Date acquired Source of acquisition Total Checkouts Total Renewals Full call number Barcode Date last seen Date last checked out Copy number Price effective from Koha item type
    Library of Congress Classification     Non-fiction Medical Library Medical Library General Stacks 05/22/2024 Gramsol 2 1 QR181 DEL 2017 033452 09/19/2025 09/08/2025 c. 1 05/22/2024 Books